| 000 | 01017nam a22003137a 4500 | ||
|---|---|---|---|
| 003 | CHAP | ||
| 005 | 20220329140909.0 | ||
| 008 | 971013s1987 r 00010 d | ||
| 010 | _a59467 | ||
| 011 | _a60439 | ||
| 035 | _a64601 | ||
| 040 | _cCHAP | ||
| 090 | _aFolleto 11326 (1987) | ||
| 245 | _aDiccionario de terminología forestal inglés-español | ||
| 250 | _aed. rev. | ||
| 260 |
_aFlagstaff, Arizona : _bSociety of American Foresters, _c1987 |
||
| 300 | _a91 p. | ||
| 590 |
_aBATCH-UPD _b10 _c20130110 _lUCH01 _h0339 |
||
| 590 |
_aBATCH-UPD _b10 _c20130110 _lUCH01 _h2221 |
||
| 590 |
_aBATCH-UPD _b10 _c20130410 _lUCH01 _h1519 |
||
| 590 |
_aBATCH-UPD _b10 _c20130914 _lUCH01 _h0327 |
||
| 590 |
_aCONVERSION _b10 _c20130109 _lUCH01 _h1332 |
||
| 650 | 1 | 4 |
_aBosques _xDiccionarios. _914121 |
| 700 | 0 |
_aAnderson, James R. _95589 |
|
| 710 | 0 |
_aAsociación Mexicana de Profesionistas Forestales, A. C. _98069 |
|
| 901 | _aBK | ||
| 942 | _cFOLL | ||
| 949 |
_aFolleto 11326 (1987) _bBC _cFOLL _d-141055 _eTS1 _i64601 _mD _si |
||
| 999 |
_c59467 _d59467 |
||